000 00282nam a22001097a 4500
082 _a823
_bCAI/W
100 _aCAITHLIN,STEPHEN
245 _aWONDERS OF SWAMPS AND MASHES
246 _aWONDERS OF SWAMPS AND MASHES
_bWONDERS OF SWAMPS AND MASHES
650 _aENGLISH STORY
942 _cBK
999 _c8829
_d8829